Sports Quiz

Random Sports or Soccer Quiz

UEFA Champions League Semifinalists (1994-) Quiz Stats

 Plays Quiz Updated Jul 13, 2018

Score 0/100 Timer 04:00
190 Plays Today
Year Club % Correct
2018 Ch.Real Madrid CF
99%
2017 Ch.Real Madrid CF
98.8%
2016 Ch.Real Madrid CF
98.8%
2015 SFReal Madrid CF
98.7%
2014 Ch.Real Madrid CF
98.7%
2013 SFReal Madrid CF
98.6%
2011 Ch.FC Barcelona
98.6%
2009 Ch.FC Barcelona
98.6%
2006 Ch.FC Barcelona
98.6%
2010 SFFC Barcelona
98.6%
2012 SFReal Madrid CF
98.6%
2002 SFFC Barcelona
98.6%
2000 SFFC Barcelona
98.6%
2008 SFFC Barcelona
98.6%
1994 RUFC Barcelona
98.6%
2012 SFFC Barcelona
98.5%
2008 Ch.Manchester United
98.5%
2011 RUManchester United
98.5%
2009 RUManchester United
98.5%
2007 SFManchester United
98.5%
1999 Ch.Manchester United
98.5%
2002 SFManchester United
98.5%
1997 SFManchester United
98.5%
2015 Ch.FC Barcelona
98.5%
2013 SFFC Barcelona
98.5%
2002 Ch.Real Madrid CF
98.5%
2000 Ch.Real Madrid CF
98.5%
2001 SFReal Madrid CF
98.5%
2011 SFReal Madrid CF
98.5%
1998 Ch.Real Madrid CF
98.5%
2003 SFReal Madrid CF
98.5%
2008 RUChelsea FC
97.9%
2005 SFChelsea FC
97.9%
2004 SFChelsea FC
97.8%
Year Club % Correct
2009 SFChelsea FC
97.9%
2012 Ch.Chelsea FC
97.8%
2007 SFChelsea FC
97.8%
2018 RULiverpool FC
97.5%
2014 SFChelsea FC
97.5%
2018 SFBayern Munich
97.1%
2013 Ch.Bayern Munich
96.9%
2012 RUBayern Munich
96.9%
2014 SFBayern Munich
96.8%
2015 SFBayern Munich
96.7%
2016 SFBayern Munich
96.7%
2001 Ch.Bayern Munich
96.4%
2010 RUBayern Munich
96.4%
2000 SFBayern Munich
96.4%
1999 RUBayern Munich
96.4%
1995 SFBayern Munich
96.4%
2005 Ch.Liverpool FC
95.8%
2007 RULiverpool FC
95.8%
2008 SFLiverpool FC
95.8%
2017 RUJuventus FC
95.6%
2007 Ch.AC Milan
95.4%
2003 Ch.AC Milan
95.4%
2005 RUAC Milan
95.4%
2006 SFAC Milan
95.4%
1994 Ch.Milan
95.4%
1995 RUAC Milan
95.4%
2015 RUJuventus FC
95.2%
2006 RUArsenal FC
94.3%
2009 SFArsenal FC
94.3%
2010 Ch.FC Internazionale
93.7%
2003 SFFC Internazionale
93.7%
2013 RUBorussia Dortmund
92.9%
2003 RUJuventus FC
91.2%
1997 RUJuventus FC
91.2%
Year Club % Correct
1998 RUJuventus FC
91.2%
1996 Ch.Juventus FC
91.2%
1999 SFJuventus FC
91.2%
2016 RUAtlético Madrid
90.2%
2014 RUAtlético Madrid
89.6%
2017 SFAtlético Madrid
89.4%
2004 Ch.FC Porto
85.8%
1994 SFFC Porto
85.8%
2018 SFA.S. Roma
85.6%
1997 Ch.Borussia Dortmund
85.2%
1998 SFBorussia Dortmund
85.2%
2016 SFManchester City
83.9%
2017 SFAS Monaco
80%
1995 Ch.AFC Ajax
76.4%
1996 RUAFC Ajax
76.4%
1997 SFAFC Ajax
76.4%
2001 RUValencia CF
76.1%
2000 RUValencia CF
76.1%
2004 RUAS Monaco
70.9%
1998 SFAS Monaco
70.9%
1994 SFAS Monaco
70.9%
2010 SFOlympique Lyonnais
69%
1995 SFParis Saint-Germain
68.1%
2002 RUBayer Leverkusen
61.6%
2005 SFPSV Eindhoven
55.4%
2011 SFSchalke 04
53.9%
2001 SFLeeds United
44.1%
2004 SFDeportivo La Coruña
37.9%
2006 SFVillarreal
35.8%
1999 SFDynamo Kyiv
24.7%
1996 SFFC Nantes
14.7%
1996 SFPanathinaikos FC
14.3%

You're not logged in!

Compare scores with friends on all Sporcle quizzes.
OR
Log In

You Might Also Like...

Show Comments

Extras

Top Quizzes Today


Score Distribution

Your Account Isn't Verified!

In order to create a playlist on Sporcle, you need to verify the email address you used during registration. Go to your Sporcle Settings to finish the process.

Report this User

Report this user for behavior that violates our Community Guidelines.

Details: